| 000 | 00335nam a2200133Ia 4500 | ||
|---|---|---|---|
| 008 | 210210b1971 xxu||||| |||| 00| 0 eng d | ||
| 082 | _a324.2092 REGG | ||
| 100 | _aREGO (Aloysius G). | ||
| 245 | _aGandhi points the way. | ||
| 260 |
_aAllahabad _bBetter yourself books _c1971 |
||
| 300 | _a112 | ||
| 690 | _aBiography | ||
| 906 | _a029156 | ||
| 999 |
_c80380 _d80380 |
||